LEADER 01337nam 2200385 450 001 9910700338203321 005 20181203141716.0 035 $a(CKB)5470000002409606 035 $a(OCoLC)1077041392 035 $a(EXLCZ)995470000002409606 100 $a20181203d2011 ua 0 101 0 $aeng 135 $aurbn||||||||| 181 $ctxt$2rdacontent 182 $cc$2rdamedia 183 $acr$2rdacarrier 200 00$aConservation Reserve Enhancement Program $eNew York State 210 1$a[Washington, D.C.] :$cUnited States Department of Agriculture, Farm Service Agency,$d2011. 215 $a1 online resource (2 pages) 225 1 $aFact sheet (United States Department of Agriculture, Farm Service Agency) 300 $a"March 2011." 517 $aConservation Reserve Enhancement Program 606 $aWellhead protection$zNew York (State) 606 $aConservation of natural resources$zNew York (State) 606 $aEnvironmental protection$zNew York (State) 615 0$aWellhead protection 615 0$aConservation of natural resources 615 0$aEnvironmental protection 712 02$aUnited States.$bFarm Service Agency, 801 0$bGPO 801 1$bGPO 906 $aBOOK 912 $a9910700338203321 996 $aConservation Reserve Enhancement Program$93481002 997 $aUNINA LEADER 01810oam 2200481M 450 001 9910716241403321 005 20200213070516.8 035 $a(CKB)5470000002519712 035 $a(OCoLC)1065797456 035 $a(OCoLC)995470000002519712 035 $a(EXLCZ)995470000002519712 100 $a20071213d1926 ua 0 101 0 $aeng 135 $aurcn||||||||| 181 $ctxt$2rdacontent 182 $cc$2rdamedia 183 $acr$2rdacarrier 200 10$aBridge across Coosa River near Fayetteville, Ala. March 6 (calendar day, March 8), 1926. -- Ordered to be printed 210 1$a[Washington, D.C.] :$c[U.S. Government Printing Office],$d1926. 215 $a1 online resource (2 pages) 225 1 $aSenate report / 69th Congress, 1st session. Senate ;$vno. 295 225 1 $a[United States congressional serial set ] ;$v[serial no. 8524] 300 $aBatch processed record: Metadata reviewed, not verified. Some fields updated by batch processes. 300 $aFDLP item number not assigned. 517 $aBridge across Coosa River near Fayetteville, Ala. March 6 606 $aBridge construction industry 606 $aBridges$xDesign and construction 606 $aBridges 606 $aLegislative amendments 608 $aLegislative materials.$2lcgft 615 0$aBridge construction industry. 615 0$aBridges$xDesign and construction. 615 0$aBridges. 615 0$aLegislative amendments. 701 $aBingham$b Hiram$f1875-1956$pRepublican (CT)$0463205 801 0$bWYU 801 1$bWYU 801 2$bOCLCO 801 2$bOCLCQ 906 $aBOOK 912 $a9910716241403321 996 $aBridge across Coosa River near Fayetteville, Ala. March 6 (calendar day, March 8), 1926. -- Ordered to be printed$93526189 997 $aUNINA